Física 5 : aula taller /

Guardado en:
Autor Principal: Mautino, José María
Formato: Libro
Publicado: Buenos Aires : Stella, 1995
Materias:
Etiquetas: Agregar Etiqueta
Sin Etiquetas, Sea el primero en etiquetar este registro!
LEADER 00966nam a22002535a 4500
001 CEM.cems016314
008 130507s1995##################000#0#####d
005 20231128111952.0
245 1 0 |a Física 5 :  |b aula taller /  |c José María Mautino 
260 |a Buenos Aires :  |b Stella,  |c 1995 
300 |a 335 p. 
505 0 |a Introducción a la óptica -- Optica geométrica y óptica ondulatoria -- La electrostática -- Electrodinámica -- El magnestismo y la electricidad -- Ondas electromagnéticas y radiactividad 
020 |a 9505252528 
100 1 |a Mautino, José María 
082 0 4 |a 530 
653 |a Electricidad 
653 |a Física 
653 |a Óptica 
653 |a Radiactividad 
653 |a Física 
653 |a Fisica-polimodal 
859 |a CEMS  |b BIB. CEMS - Agricultura  |h 530  |i M448  |p A17876.94  |t Ej.1  |v 5  |3 5 
859 |a CEMS  |b BIB. CEMS - Agricultura  |h 530  |i M448  |p A1456.11  |t Ej.2  |v 5  |3 5 
859 |a CEMS  |b BIB. CEMS - Agricultura  |h 530  |i M448  |p A19233.97  |t Ej.3  |v 5  |3 5